000
00259nam a2200109Ia 4500
008
190913s9999||||xx |||||||||||||| ||und||
100
_a
Gregory J. Feist
245
0
_a
Theories of Personality
260
_a
USA
_b
McGraw Hill
_c
1990
300
_a
158
942
_c
BK
999
_c
8155
_d
8155